000 01092nam a22003137a 4500
001 0045403
003 KOHA_MİRAKIL
005 20260207003444.0
007 ta
008 140106b2010 tu |||gr||||#||||0|tur |
040 _aTR-BiSEU
_btur
_cTR-BiSEU
_erda
041 0 _atur
044 _ctu
050 _aTA166
_b.U48 2010
245 0 _a16. Ulusal Ergonomi Kongresi :
_byaşam kalitesi için ergonomi (3-5 Aralık 2010)/
_cHazırlayan Hitit Üniversitesi ; editör Vedat Deniz.
246 _aUlusal Ergonomi Kongresi (16: Çorum : 2010 )
264 1 _aÇorum :
_bHitit Üniversitesi
_c2010
300 _a826 sayfa ;
_c29 cm.
336 _ametin
_btxt
_2rdacontent
337 _aaracısız
_bn
_2rdamedia
338 _acilt
_bnc
_2rdacarrier
490 0 _aHitit Üniversitesi-Türk Ergonomi Derneği.
650 0 _aİnsan mühendisliği--Kongreler.
_924873
650 0 _aErgonomi--Kongreler.
_983730
650 0 _aHuman engineering--Congresses.
_924872
650 0 _aErgonomics--Congresses.
_983731
830 0 _aHitit Üniversitesi-Türk Ergonomi Derneği.
_983732
942 _2lcc
_cBK
999 _c45372
_d45372